00490nam a2200157 a 45000010005000000030009000050080041000140200015000550400028000700820017000981000042001152450116001572600032002733000010003056500017003156045CO-ViMGA141112s2004 ck r 000 u spa d a9700708365 aCO-ViMGAbspacCO-ViMGA04a346.059 D6541 aDomínguez Martínez, Jorge Alfredo10aEl fideicomiso : bnegocio jurídico : bregimen fiscal inmobiliario; instrumento en la inversión extranjera aMexico : bPorrúa, c1972 a376 p14aFIDEICOMISOS